| 000 | 01050nas a2200337 4500 | ||
|---|---|---|---|
| 001 | BR0400570 | ||
| 003 | BR-BrBNA | ||
| 005 | 20231205104346.0 | ||
| 007 | ta | ||
| 008 | 230509b bl.|||p| |||| 00| 00por d | ||
| 040 |
_aBR-BrBNA _bpor _cBiblioteca Nacional de Agricultura |
||
| 041 | _a(Pt) | ||
| 072 | _aF03 | ||
| 100 | 1 | _aMartins, C.C. | |
| 100 | 1 | _aMartinelli-Seneme, A. | |
| 100 | 1 | _aCastro, M.M. | |
| 100 | 1 | _aNakagawa, J. | |
| 100 | 1 | _aCavariani, C. | |
| 245 | 1 | _aComparação entre métodos para a avaliação do vigor de lotes de sementes de couve-brócolos (Brassica oleracea L. var. italica lenk) | |
| 650 | _aCOUVE | ||
| 650 | _aTESTE DE VIGOR | ||
| 650 | _aGERMINAÇÃO | ||
| 650 | _aEMERGÊNCIA | ||
| 650 | _aPLÂNTULA | ||
| 650 | _aENVELHECIMENTO PRECOCE | ||
| 650 | _aCONTROLE DE QUALIDADE | ||
| 650 | _aCONDUTIVIDADE ELÉTRICA | ||
| 773 | 0 |
_tRevista Brasileira de Sementes (Brazil) _xISSN 0101-3122 _g(2002), v. 24(2) p. 96-101 _wBR0400570 |
|
| 909 |
_a202311 _bLúcia _c55 _dLúcia Elande |
||
| 942 |
_2AGRIS _n0 _cANA |
||
| 999 |
_c177736 _d177736 |
||